000 00307nam a22001337a 4500
008 181029b xxu||||| |||| 00| 0 eng d
020 _a9780415399005
041 _aeng
080 _a316
100 _a50
101 _aSOC
245 _aIntroducing the New Sexuality Studies
_cSeidman, S
942 _2udc
_cBK
999 _c51055
_d51055